Top 15 Bestselling Video Games - Statistics

General Stats
  • This quiz has been taken 46 times
  • The average score is 3 of 15
Answer Stats
Copies Sold Game % Correct
350,000,000 Minecraft
88%
58,000,000 Super Mario Bros
80%
215,000,000 Grand Theft Auto V
27%
82,900,000 Wii Sports
27%
77,000,000 Red Dead Redemption 2
15%
50,000,000 Overwatch
12%
48,190,000 Animal Crossing
10%
50,000,000 The Sims
10%
77,320,000 Mario Kart 8 Deluxe
7%
47,440,000 Pokémon Red / Blue / Yellow
7%
55,000,000 Human: Fall Flat
5%
64,000,000 Terraria
5%
75,000,000 PUBG: Battlegrounds
2%
65,000,000 The Oregon Trail
0%
60,000,000 The Witcher 3: Wild Hunt
0%
No matching quizzes found
Score Distribution
Percent of People with Each Score
Percentile by Number Answered
Your Score History
You have not taken this quiz